Integral calculus / (Record no. 199)

MARC details
000 -LEADER
fixed length control field 00850nac a22002651i 4500
003 - CONTROL NUMBER IDENTIFIER
control field EG-ScBUE
005 - DATE AND TIME OF LATEST TRANSACTION
control field 20250219095757.0
008 - FIXED-LENGTH DATA ELEMENTS--GENERAL INFORMATION
fixed length control field 250211s2004 ii a f 000 0 eng d
020 ## - INTERNATIONAL STANDARD BOOK NUMBER
International Standard Book Number 8121906814
020 ## - INTERNATIONAL STANDARD BOOK NUMBER
International Standard Book Number 9788121906814
040 ## - CATALOGING SOURCE
Original cataloging agency EG-ScBUE
Language of cataloging eng
Description conventions rda
Transcribing agency EG-ScBUE
Modifying agency EG-ScBUE
082 04 - DEWEY DECIMAL CLASSIFICATION NUMBER
Classification number 515.43
Item number NAR
Edition number 22
100 1# - MAIN ENTRY--PERSONAL NAME
Personal name Narayan, Shantiو
Relator term author.
245 10 - TITLE STATEMENT
Title Integral calculus /
Statement of responsibility, etc by Shanti Narayan, formerly, Dean of Colleges, University of Delhi, Delhi.
264 #1 - PUBLICATION, DISTRIBUTION, ETC. (IMPRINT)
Place of publication, distribution, etc New Delhi :
Name of publisher, distributor, etc S. Chand & company,
Date of publication, distribution, etc 2004.
300 ## - PHYSICAL DESCRIPTION
Extent viii, 350 pages :
Other physical details illustrations ;
Dimensions 22 cm
336 ## - CONTENT TYPE
Source rdacontent
Content type term text
Content type code txt
337 ## - MEDIA TYPE
Media type term unmediated
Source rdamedia
Media type code n
338 ## - CARRIER TYPE
Carrier type term volume
Carrier type code nc
Source rdacarrier
500 ## - GENERAL NOTE
General note Includes appendix.<br/>
650 #7 - SUBJECT ADDED ENTRY--TOPICAL TERM
Topical term or geographic name as entry element Calculus, integral.
Source of heading or term BUEsh
650 #7 - SUBJECT ADDED ENTRY--TOPICAL TERM
Topical term or geographic name as entry element Calculus.
Source of heading or term BUEsh
655 ## - INDEX TERM--GENRE/FORM
Form subdivision Reading book
942 ## - ADDED ENTRY ELEMENTS (KOHA)
Koha item type Book - Borrowing
Source of classification or shelving scheme Dewey Decimal Classification
Holdings
Withdrawn status Lost status Source of classification or shelving scheme Damaged status Not for loan Collection code Home library Current library Shelving location Date acquired Cost, normal purchase price Total Checkouts Total Renewals Full call number Barcode Date last seen Date checked out Cost, replacement price Price effective from Koha item type
    Dewey Decimal Classification     Baccah Central Library Central Library First floor 09/02/2006 50.00 2 9 515.43 NAR 000004529 15/07/2025 25/11/2019 62.50 09/02/2006 Book - Borrowing
    Dewey Decimal Classification     Baccah Central Library Central Library First floor 09/02/2006 50.00     515.43 NAR 000003142 15/07/2025   62.50 03/09/2006 Book - Borrowing